| 000 | 00929cab a2200205 4500 | ||
|---|---|---|---|
| 001 | ABS39093 | ||
| 008 | 090401t1988 xxu||||| |||| 00| 0 eng d | ||
| 035 | _a(Sirsi) u14382 | ||
| 041 | _aeng | ||
| 100 | _aMynors, C. | ||
| 245 | _aProperty in need of maintenance: section 65 notices | ||
| 260 | _c1988 | ||
| 350 | _a0 | ||
| 490 |
_aJournal of Planning and Environment Law _vMarch 1988, 154(8) |
||
| 520 | _aExamines the powers of local authorties under Town and Country Planning Act 1971 s65 to serve notice on an owner or occupier of land `adversely affecting the amenity of any part of its area`. The scope has been increased by the courts to include buildings. This article discusses the initial procedure, how to appeal and grounds for appeal, penalty for non-compliance and how to carry out the required work. | ||
| 650 | _aDERELICT LAND | ||
| 690 | _aPLANNING LAW AND PRACTICE | ||
| 942 | _n0 | ||
| 948 | _c04/03/1997 | ||
| 999 |
_c9364 _d9364 |
||